Λάφυρο αγαπημένων ημερών

Αποθηκεύτηκε σε:
Λεπτομέρειες βιβλιογραφικής εγγραφής
Κύριος συγγραφέας: Σεβαστάκης, Νικόλας Α., 1964-
Μορφή: Βιβλίο
Γλώσσα:Greek
Δημοσίευση: Αθήνα : Νεφέλη, 1993.
Σειρά:Σύγχρονη ελληνική ποίηση (Νεφέλη) 13
Θέματα:
Ετικέτες: Προσθήκη ετικέτας
Δεν υπάρχουν, Καταχωρήστε ετικέτα πρώτοι!

MARC

LEADER 00000cam a2200000 i 4500
001 1/32412
008 960730s1993 gr | ||| |||| ||gre||
035 |1 ΕΛΗ  |a 1996  |b 2507  |c ΒΙΒΛΙΟΘΗΚΗ  |l 10039091 
040 |a GR-MY-UA  |b gre  |e aacr 
041 0 |a gre 
082 7 |a 889.1   |2 (22) 
100 1 |a Σεβαστάκης, Νικόλας Α.,   |d 1964- 
245 1 0 |a Λάφυρο αγαπημένων ημερών /   |c Νικόλας Σεβαστάκης. 
260 |a Αθήνα :   |b Νεφέλη,   |c 1993. 
300 |a 62 σ. ;   |c 22 εκ. 
490 1 |a (Σύγχρονη ελληνική ποίηση / Νεφέλη ;   |v 13) 
650 0 0 |a Greek poetry. 
830 0 |a Σύγχρονη ελληνική ποίηση (Νεφέλη)  |v 13 
852 |a INST  |b RHODES  |e 20230907  |h 889.1 ΣΕΒ  |p 005400043758  |q 005400043758  |t BK  |y 0 
852 |a INST  |b SAMOS  |e 19960730  |h 889.1 ΣΕΒ  |p 005300009345  |q 005300009345  |t BK  |y 0 
909 |a Σ  |b 041810 
970 |z 30-07-1996